Państwa wchodzące w skład Imperium Hiszpańskiego - Statystyki

Ogólne statystyki
  • Ten quiz został rozwiązany 67 razy
    66 od ostatniego zresetowania
  • Średni wynik to 30 z 44
Statystyki odpowiedzi
Podpowiedź
(kontynent)
Odpowiedź
(Kraj)
% Poprawnych
Ameryka Płd. Argentyna
84%
Europa Hiszpania
84%
Ameryka Płd. Wenezuela
84%
*Europa* Włochy
84%
Ameryka Płd. Boliwia
82%
Ameryka Płd. Chile
82%
Ameryka Płn. Meksyk
82%
Ameryka Płd. Paragwaj
82%
Ameryka Płd. Peru
82%
Ameryka Płd. Ekwador
79%
*Europa* Francja
79%
Ameryka Płn. Honduras
79%
Ameryka Płn. Kuba
79%
Ameryka Płd. Urugwaj
79%
Oceania* Guam (USA)
76%
Ameryka Płd. Kolumbia
76%
*Ameryka Płn.* Stany Zjednoczone
76%
*Ameryka Płd.* Brazylia
74%
Ameryka Płn. Dominikana
74%
*Ameryka Płd.* Gujana
74%
Ameryka Płn. Kostaryka
74%
Oceania* Mariany Północne (USA)
74%
Afryka* Sahara Zachodnia (Maroko)
74%
Ameryka Płn. Gwatemala
71%
Ameryka Płn. Haiti
71%
*Afryka* Maroko
71%
Azja Filipiny
68%
Ameryka Płn. Nikaragua
68%
Ameryka Płn. Panama
68%
Ameryka Płn. Belize
66%
Ameryka Płn. Jamajka
63%
*Ameryka Płn.* Kanada
63%
Ameryka Płn. Salwador
63%
Ameryka Płn. Bahamy
61%
Ameryka Płd.* Falklandy (Wielka Brytania)
53%
Ameryka Płn. Trynidad i Tobago
53%
Europa Holandia
50%
*Afryka* Algieria
42%
Afryka Gwinea Równikowa
42%
Oceania Mikronezja
42%
Oceania Nauru
39%
Oceania Palau
39%
Oceania Wyspy Marshalla
39%
Azja Tajwan
24%
Nie znaleziono quizów pasujących do podanych kryteriów
Rozkład punktacji
Procent ludzi z każdym wynikiem
Percentyl według liczby udzielonych odpowiedzi
Twoja historia wyników
Nie rozwiązałeś tego quizu od ostatniego zresetowania